Statistiken für Größte Städte der DACH Staaten - Top 10

Klicken Sie hier um das Quiz zu spielen!

Allgemein

  • Dieses Quiz wurde 248 mal gespielt
  • Das Durchschnittsergebnis liegt bei 22 aus 30

Antwortstatistiken

BevölkerungStadt% Korrekt
3.520.031Berlin
100%
1.888.776Wien
100%
1.787.408Hamburg
99%
1.450.381München
99%
142.479Bern
97%
1.060.582Köln
97%
409.241Zürich
97%
732.688Frankfurt am Main
93%
153.377Salzburg
93%
612.178Düsseldorf
91%
623.738Stuttgart
91%
586.181Dortmund
88%
200.548Genf
86%
286.292Graz
82%
560.472Leipzig
82%
171.513Basel
81%
582.624Essen
80%
132.493Innsbruck
78%
204.846Linz
76%
81.401Luzern
53%
138.905Lausanne
52%
100.369Klagenfurt am Wörthersee
51%
75.522Sankt Gallen
50%
54.649Sankt Pölten
45%
61.879Villach
39%
110.912Winterthur
37%
63.494Lugano
35%
49.278Dornbirn
29%
61.233Wels
29%
54.640Biel
28%

Verteilung der Resultate

Perzentil nach korrekt beantworteten Fragen

Anzahl Personen mit jedem Resultat

Ihre Resultats-Entwicklung

Sie haben dieses Quiz noch nicht gespielt